Popular Christmas Songs - Statistics

General Stats
  • This quiz has been taken 2,628 times
  • The average score is 9 of 11
Answer Stats
Hint Answer % Correct
OJY OT HET ODLRW Joy to the World
98%
EW SIWH UYO A REMYR HIMCRTSAMS We Wish You A Merry Christmas
98%
GJIENL LEBLS Jingle Bells
94%
ETH RSTIF OLEN The First Noel
90%
IEHTW HIMCTRMASS White Christmas
90%
KDCE ETH SLAHL Deck the Halls
85%
ULOHPDR HET EDR SODEN DIEERNRE Rudolph the Red-Nosed Reindeer
85%
EVTLWE YDSA FO MIHTRCASMS Twelve Days of Christmas
83%
SROTFY TEH MONNSWA Frosty the Snowman
81%
NLEGAS EW VEHA RHEAD NO IHGH Angels We Have Heard on High
64%
NREWIT NRENDDWLOA Winter Wonderland
60%
No matching quizzes found
Score Distribution
Percent of People with Each Score
Percentile by Number Answered
Your Score History
You have not taken this quiz